Poppleton in Winter / (Record no. 5857)

MARC details
000 -LEADER
fixed length control field 01008nam a22003137a 4500
001 - CONTROL NUMBER
control field 5857
003 - CONTROL NUMBER IDENTIFIER
control field FISKH
005 - DATE AND TIME OF LATEST TRANSACTION
control field 20250708151806.0
008 - FIXED-LENGTH DATA ELEMENTS--GENERAL INFORMATION
fixed length control field 250127b cb ||||| |||| 00| 0 eng d
020 ## - INTERNATIONAL STANDARD BOOK NUMBER
International Standard Book Number 9780545068239
040 ## - CATALOGING SOURCE
Original cataloging agency FISKH
Language of cataloging eng
Transcribing agency FISKH
Modifying agency FISKH
050 ## - LIBRARY OF CONGRESS CALL NUMBER
Classification number PZ7.R982
082 ## - DEWEY DECIMAL CLASSIFICATION NUMBER
Classification number 813.54
100 ## - MAIN ENTRY--PERSONAL NAME
Personal name Rylant, Cynthia
Dates associated with a name (1954-)
245 ## - TITLE STATEMENT
Title Poppleton in Winter /
Statement of responsibility, etc. Cynthia Rylant ; Illustrated by Mark Teague
250 ## - EDITION STATEMENT
Edition statement This edition first printing in 2008
260 ## - PUBLICATION, DISTRIBUTION, ETC.
Place of publication, distribution, etc. New York :
Name of publisher, distributor, etc. Scholastic,
Date of publication, distribution, etc. 2008.
300 ## - PHYSICAL DESCRIPTION
Extent 48 pages :
Other physical details color illustrations ;
Dimensions 23 cm
490 ## - SERIES STATEMENT
Volume/sequential designation Growing reader level 3
505 ## - FORMATTED CONTENTS NOTE
Formatted contents note J<br/>
520 ## - SUMMARY, ETC.
Summary, etc. Poppleton the pig makes a new friend after an icicle accident, creates a bust of Cherry Sue, and gets a wintry birthday surprise from his pals.
521 8# - TARGET AUDIENCE NOTE
Target audience note 500<br/><br/>
Source Lexile<br/>
521 8# - TARGET AUDIENCE NOTE
Target audience note J<br/>
Source Raz-Plus<br/>
650 ## - SUBJECT ADDED ENTRY--TOPICAL TERM
Source of heading or term Snow
Topical term or geographic name entry element Winter
650 ## - SUBJECT ADDED ENTRY--TOPICAL TERM
Source of heading or term Pigs
Topical term or geographic name entry element Friendship
700 ## - ADDED ENTRY--PERSONAL NAME
Personal name Teague, Mark
Dates associated with a name illustrator
942 ## - ADDED ENTRY ELEMENTS (KOHA)
Source of classification or shelving scheme Dewey Decimal Classification
Koha item type Books
Suppress in OPAC No
Holdings
Withdrawn status Lost status Source of classification or shelving scheme Damaged status Not for loan Collection Home library Current library Shelving location Date acquired Total Checkouts Full call number Barcode Date last seen Copy number Price effective from Koha item type
    Dewey Decimal Classification     Juvenile Fiction Footprints International School Library Network Toul Kork Campus Footprints International School Library Network Toul Kork Campus TK Primary Library Room(4th Floor), Bookcase 1&2, Shelves 1-16, Dark Blue Books 01/27/2025   RYL 813.54 PZ7.R982 FISTK00627 01/27/2025 1 01/27/2025 Books
    Dewey Decimal Classification     Juvenile Fiction Footprints International School Library Network Toul Tom Poung Campus Footprints International School Library Network Toul Tom Poung Campus TTP Primary Dark Blue Bookshelves 07/08/2025   RYL 813.54 PZ7.R982 FISBK02766 07/08/2025 2 07/08/2025 Books